Summit NATO v Praze 2002 : výsledky, dokumenty a projevy : [Praha, 2002] /

Corporate Author: Severoatlantická aliance. Summit
Other Authors: Suchý, Petr, 1970-, Dančák, Břetislav, 1973-, Masarykova univerzita. Mezinárodní politologický ústav, Jagello 2000 (sdružení)
Language: Czech
Published: V Brně : Ostrava : Masarykova univerzita ;Jagello 2000, 2002
Edition: 1. vyd.
Series: Sborníky (Masarykova univerzita)
Online Access: Digitalizovaný dokument
Physical Description: 90 s. : il. ; 21 cm
Book
Saved in:
LEADER 02461nam a2200589 a 4500
001 000668336
003 CZ BrMZK
005 20230707201640.0
007 ta
008 030429s2002 xr a f 100 0 cze d
015 |a cnb001240603 
020 |a 80-210-3044-5  |q (brož.) 
035 |a (OCoLC)53492898 
040 |a BOA001  |b cze 
041 1 |a cze  |h mul 
043 |a e-xr--- 
072 7 |a 327  |x Mezinárodní vztahy, světová politika  |2 Konspekt  |9 15 
080 |a 355:061.1  |2 MRF 
080 |a 061.3  |2 MRF 
080 |a 327.5  |2 MRF 
080 |a 355.02  |2 MRF 
080 |a (437.3)  |2 MRF 
080 |a (042.5)  |2 MRF 
080 |a (094)  |2 MRF 
080 |a (062.534)  |2 MRF 
110 2 |a Severoatlantická aliance.  |b Summit  |d (2002 :  |c Praha, Česko)  |7 kn20030709008 
245 1 0 |a Summit NATO v Praze 2002 :  |b výsledky, dokumenty a projevy : [Praha, 2002] /  |c uspořádali Břetislav Dančák, Petr Suchý 
250 |a 1. vyd. 
260 |a V Brně :  |b Masarykova univerzita ;  |a Ostrava :  |b Jagello 2000,  |c 2002 
300 |a 90 s. :  |b il. ;  |c 21 cm 
490 1 |a Sborníky ;  |v sv. 14 
500 |a Vícejazyčný překlad 
500 |a 3000 výt. 
500 |a Pod názvem: Masarykova univerzita v Brně, Mezinárodní politologický ústav, Jagello 2000 
500 |a Dostupné též v digitální podobě v aplikaci Kramerius 
610 2 7 |a Severoatlantická aliance.  |b Summit  |d (2002 :  |c Praha, Česko)  |7 kn20030709008  |2 czenas 
650 0 7 |a bezpečnostní politika  |7 ph118836  |2 czenas 
650 0 7 |a mezinárodní konference  |7 ph122805  |z Česko  |2 czenas 
650 0 7 |a mezinárodní bezpečnost  |7 ph122799  |2 czenas 
655 7 |a sborníky konferencí  |7 fd133333  |2 czenas 
655 7 |a projevy  |7 fd133137  |2 czenas 
655 7 |a dokumenty  |7 fd132064  |2 czenas 
700 1 |a Suchý, Petr,  |d 1970-  |7 jo20000082547 
700 1 |a Dančák, Břetislav,  |d 1973-  |7 jn20000400442 
710 2 |a Masarykova univerzita.  |b Mezinárodní politologický ústav  |7 kn20010709045 
710 2 |a Jagello 2000 (sdružení)  |7 kn20030709009 
830 0 |a Sborníky (Masarykova univerzita) 
856 4 1 |u http://www.digitalniknihovna.cz/mzk/uuid/uuid:a4480e20-cc48-11ec-aafc-005056827e52  |y Digitalizovaný dokument  |x NDK 
910 |a BOA001  |b 2-1117.466 
990 |a BK 
996 6 |b 2610188279  |c 2-1117.466  |l MZK  |r Sklad / do 1 hodiny  |n 3  |p p.v.  |w 000668336  |u 000010  |a 1  |e BOA001  |j MZK50  |s P 
996 7 |b 2610240273  |c 2-1117.466  |l MZK  |r Sklad / do 1 hodiny  |n 7  |p p.v.  |w 000668336  |u 000020  |a 1  |e BOA001  |j MZK50  |s A